Sports Quiz

Random Sports Quiz

Premier League Player of the Month winners 2016/17 Quiz Stats

Quiz not verified by Sporcle

Challenge
Share
Tweet
Embed
Score 0/8 Timer 04:00
0 Plays Today
Month Player % Correct
OctoberEden Hazard
90.3%
FebruaryHarry Kane
88.4%
NovemberDiego Costa
81.1%
DecemberZlatan Ibrahimovic
75.4%
JanuaryDele Alli
75%
MarchRomelu Lukaku
57.4%
September Heung-Min Son
40.1%
AugustRaheem Sterling
26.3%

You're not logged in!

Compare scores with friends on all Sporcle quizzes.
Join for Free
OR
Log In

You Might Also Like...

Show Comments

Extras

Top Quizzes Today


Score Distribution

Your Account Isn't Verified!

In order to create a playlist on Sporcle, you need to verify the email address you used during registration. Go to your Sporcle Settings to finish the process.

Report this User

Report this user for behavior that violates our Community Guidelines.

Details: